Beyond the three seas : (Record no. 48289)

MARC details
000 -LEADER
fixed length control field 01709cam a2200313 a 4500
005 - DATE AND TIME OF LATEST TRANSACTION
control field 20031230185550.0
008 - FIXED-LENGTH DATA ELEMENTS--GENERAL INFORMATION
fixed length control field 940308s1993 enkab b 001 0 eng
010 ## - LCCN (DPL NO)
LC control number ENG-101681 B-425190-191
020 ## - INTERNATIONAL STANDARD BOOK NUMBER
Terms of availability 295.00
International Standard Book Number 9788184000474
035 ## - SYSTEM CONTROL NUMBER
System control number EN-85214 B-425190-191
037 ## - SOURCE OF ACQUISITION
Source of stock number/acquisition DBAD/PUB
040 ## - CATALOGING SOURCE
Original cataloging agency dpl
Language of cataloging Eng
082 ## - DEWEY DECIMAL CLASSIFICATION NUMBER
Classification number 915.404
100 1# - MAIN ENTRY--PERSONAL NAME
9 (RLIN) 22405
245 10 - TITLE STATEMENT
Title Beyond the three seas :
Statement of responsibility, etc edited by Michael H. Fisher
Remainder of title travellers' tales of Mughal India /
260 ## - PUBLICATION, DISTRIBUTION, ETC. (IMPRINT)
Place of publication, distribution, etc Noida
Name of publisher, distributor, etc Random House India
Date of publication, distribution, etc 2008
270 ## - ADDRESS
Address Mind Mill Corporate Tower, 2nd Floor, Plot No 24A Sector 16A,
City Noida
Postal code 201301
300 1# - PHYSICAL DESCRIPTION
Extent 306p. :
Dimensions 20cm (pbk)
Other physical details maps
500 ## - GENERAL NOTE
General note Includes bibliographical references and index.
650 #0 - SUBJECT ADDED ENTRY--TOPICAL TERM
9 (RLIN) 22448
Topical term or geographic name as entry element Europeans
General subdivision Travel
Geographic subdivision Mogul Empire.
650 #0 - SUBJECT ADDED ENTRY--TOPICAL TERM
Topical term or geographic name as entry element Travelers’ writings, European.
9 (RLIN) 24381
651 ## - SUBJECT ADDED ENTRY--GEOGRAPHIC NAME
9 (RLIN) 22481
Geographic name Mogul Empire
Form subdivision Early works to 1800.
General subdivision Description and travel
700 ## - ADDED ENTRY--PERSONAL NAME
9 (RLIN) 22431
Personal name Fisher, Michael Herbert,
Dates associated with a name 1950-
942 ## - ADDED ENTRY ELEMENTS (KOHA)
Source of classification or shelving scheme Dewey Decimal Classification
Item type English Books
Call number suffix BEY
Classification part 915.404
Holdings
Withdrawn status Lost status Source of classification or shelving scheme Damaged status Not for loan Collection code Home library Current library Date acquired Source of acquisition Cost, normal purchase price Total Checkouts Full call number Barcode Date last seen Copy number Cost, replacement price Koha item type Total Renewals
    Dewey Decimal Classification     Non-fiction Central Library Central Library 18/04/2011 RBC/22493/23.3.11/76/4.3.11/25.3.11 295.00 8 915.404 BEY B-425190 02/06/2025 1 295.00 English Books 7
    Dewey Decimal Classification   Not For Loan Non-fiction D.B.Act.Division D.B.Act.Division 08/10/2010 DBAD/PUB 295.00   915.404 BEY EN-85214 08/10/2010 1 295.00 English Books  
    Dewey Decimal Classification     Non-fiction Sarojini Nagar Sarojini Nagar 18/04/2011 RBC/22493/23.3.11/76/4.3.11/25.3.11 295.00 5 915.404 BEY B-425191 29/12/2025 1 295.00 English Books 3

© Delhi Public Library
Hit Counter
free hit counter